Evenement (L')-Techniques d'analyse de l'evenement (Record n. 67665)

Dettagli MARC
000 -LEADER
fixed length control field 01356nam a2200337Ia 4500
001 - CONTROL NUMBER
control field 5698
003 - CONTROL NUMBER IDENTIFIER
control field IT-RoPAU
008 - FIXED-LENGTH DATA ELEMENTS--GENERAL INFORMATION
fixed length control field 130308s9999 xx 000 0 und d
040 ## - CATALOGING SOURCE
Original cataloging agency IT-RoPAU
040 ## - CATALOGING SOURCE
Transcribing agency IT-RoPAU
041 ## - LANGUAGE CODE
Language code of text/sound track or separate title FRANCESE
999 ## - SYSTEM CONTROL NUMBERS (KOHA)
Koha Dewey Subclass [OBSOLETE] SI
100 ## - MAIN ENTRY--PERSONAL NAME
Personal name Gritti Jules
100 ## - MAIN ENTRY--PERSONAL NAME
Miscellaneous information Codice Aut. SPICS: 5792
242 ## - TRANSLATION OF TITLE BY CATALOGING AGENCY
Title ATTUALITA' (L')-UNA INTERPRETAZIONE CRISTIANA
242 ## - TRANSLATION OF TITLE BY CATALOGING AGENCY
Number of part/section of a work Cod. Traduzione Titolo: 1177
242 ## - TRANSLATION OF TITLE BY CATALOGING AGENCY
Language code of translated title ITA
245 ## - TITLE STATEMENT
Title Evenement (L')-Techniques d'analyse de l'evenement
245 ## - TITLE STATEMENT
Remainder of title Evenement (L')-Techniques D'Analyse de L'Evenement
250 ## - EDITION STATEMENT
Edition statement 1a ed.
260 ## - PUBLICATION, DISTRIBUTION, ETC. (IMPRINT)
Place of publication, distribution, etc. PARIS
260 ## - PUBLICATION, DISTRIBUTION, ETC. (IMPRINT)
Name of publisher, distributor, etc. Fleurus
260 ## - PUBLICATION, DISTRIBUTION, ETC. (IMPRINT)
Date of publication, distribution, etc. 1969 [1° Ed.:1969 - Ed.Ling.Originale:1969]
300 ## - PHYSICAL DESCRIPTION
Extent "168 p. (prefazione: no ; testo: 168)"
500 ## - GENERAL NOTE
General note Tecniche di Analisi dell'Avvenimento Attualità Risonanze ideologiche Rivoluzione Tregue di Natale dal Presepe Alla Luna Crisi Monetaria Dinamica dei Discorsi e dei Racconti Catastrofi nel Cielo e nel mare Cecoslovacchia Francia Inghilterra Cina Urss Personaggi Martine Carol Morte del Cardinal Veuillot sacrificio del Pastore Luther King Jackie Onassis Spirito e Tecniche dell'Inetrvista Pubblicità ritmi dei Giovani e ritmi del Cinema
650 ## - SUBJECT ADDED ENTRY--TOPICAL TERM
Topical term or geographic name as entry element SAGGI DI COMUNICAZIONE SOCIALE
650 ## - SUBJECT ADDED ENTRY--TOPICAL TERM
Relator term Codice materia Spics: 3807
942 ## - ADDED ENTRY ELEMENTS (KOHA)
Koha item type LIBRO
957 ## -
-- 1
999 ## - SYSTEM CONTROL NUMBERS (KOHA)
-- 1
Dati di copia
Withdrawn status Lost status Damaged status Not for loan Home library Current library Date acquired Total Checkouts Full call number Date last seen Price effective from Koha item type Public note
    Buone Condizioni Not For Loan SPICS-MEDIATECA SPICS-MEDIATECA 08/03/2013   5698 08/03/2013 08/03/2013 LIBRO Progressivo inserimento: 15943 / N. Volumi: 1 Copie: 1 Copia Rara: SI / data import: 1 marzo 2013 - By Epidotti, Trombetti, Vaglietti.
CREDITS: SOCIETA' SAN PAOLO Via A.Severo, 58 - ROMA (RM) & PERIODICI SAN PAOLO SRL Via Giotto, 36 MILANO & CISF Via Giotto, 36 MILANO & EDIZIONI SAN PAOLO SRL,  Piazza Soncino, 5 CINISELLO BALSAMO (MI) -- ITALY